000 00308nam a22001337a 4500
008 260212b ||||| |||| 00| 0 eng d
020 _a0003804
041 _ashqip;
080 _a0.2
100 _a20
101 _ashqip
245 _aShtatë Ditë Rizbulimi të Amerikës
_cMoikom Zeqo
942 _2lcc
_cBK
999 _c60793
_d60793